Catálogo

Vista normal Vista MARC

Entrada Personal Name

Número de registros utilizados en: 1

001 - CONTROL NUMBER

  • control field: 10150

003 - CONTROL NUMBER IDENTIFIER

  • control field: DLC

005 - DATE AND TIME OF LATEST TRANSACTION

  • control field: 20221207084310.0

008 - FIXED-LENGTH DATA ELEMENTS

  • fixed length control field: 841206n| azannaabn |a aaa

010 ## - LIBRARY OF CONGRESS CONTROL NUMBER

  • LC control number: n 84132010
  • Canceled/invalid LC control number: n 96015194

035 ## - SYSTEM CONTROL NUMBER

  • System control number: (OCoLC)oca01229589

035 ## - SYSTEM CONTROL NUMBER

  • System control number: (CaEvSKY)skya2260033

040 ## - CATALOGING SOURCE

  • Original cataloging agency: DLC
  • Language of cataloging: spa
  • Description conventions: rda
  • Transcribing agency: Mx-PuUPA
  • Modifying agency: DLC
  • Modifying agency: OCoLC
  • Modifying agency: MX-SlUA
  • Modifying agency: Mx-PuUPA

100 1# - HEADING--PERSONAL NAME

  • Personal name: Martínez Rizo, Felipe,

372 ## - FIELD OF ACTIVITY

  • Field of activity: Educación
  • Source of term: lcsh

374 ## - OCCUPATION

  • Occupation: Autor

375 ## - GENDER

  • Gender: hombre

377 ## - ASSOCIATED LANGUAGE

  • Language code: spa

400 1# - SEE FROM TRACING--PERSONAL NAME

  • Personal name: Rizo, Felipe Martínez

670 ## - SOURCE DATA FOUND

  • Source citation: La Planeación univ., 1982:
  • Information found: t.p. (Felipe Martínez Rizo; p. 10 (sociologist)

670 ## - SOURCE DATA FOUND

  • Source citation: El oficio del investigador educativo, 1997:
  • Information found: title page (Felipe Martínez Rizo)